|
|
|
|
| LEADER |
00000nam0a2200000 4500 |
| 001 |
84737 |
| 005 |
20231031100737.0 |
| 010 |
|
|
|a 5699127895
|b (в пер.)
|b 4000 экз.
|
| 021 |
|
|
|a RU
|b 05-61287
|9 05-3009
|
| 035 |
|
|
|a (RuTPU)RU\TPU\book\91064
|
| 090 |
|
|
|a 84737
|
| 100 |
|
|
|a 20051102d2005 m y0rusy5002 ca
|
| 101 |
1 |
|
|a rus
|c eng
|
| 102 |
|
|
|a RU
|
| 105 |
|
|
|a y z 000zy
|
| 200 |
1 |
|
|a В поисках Лондона. Красота и величие столицы мира
|e пер. с англ.
|f Г. В. Мортон
|
| 210 |
|
|
|a Москва
|a СПб.
|c Эксмо
|c Мидгард
|d 2005
|
| 215 |
|
|
|a 572, [1] с.
|d 21 см.
|
| 225 |
1 |
|
|a Весь мир в кармане
|
| 610 |
1 |
|
|a история
|
| 610 |
1 |
|
|a география
|
| 610 |
1 |
|
|a Великобритания
|
| 610 |
1 |
|
|a Лондон
|
| 610 |
1 |
|
|a столицы мира
|
| 610 |
1 |
|
|a Тауэр
|
| 610 |
1 |
|
|a Вестминстер
|
| 610 |
1 |
|
|a Вест-Энд
|
| 610 |
1 |
|
|a Гринвич
|
| 610 |
1 |
|
|a Британский музей
|
| 610 |
1 |
|
|a музей мадам Тюссо
|
| 610 |
1 |
|
|a Букингемский дворец
|
| 610 |
1 |
|
|a Гайд-парк
|
| 675 |
|
|
|a 91(410)
|v 3
|z rus
|
| 686 |
|
|
|a Т3(4Вел)
|v LBC/SL-A
|2 rubbk
|
| 700 |
|
1 |
|a Мортон
|b Г. В.
|g Генри В.
|
| 801 |
|
0 |
|a RU
|b RKP
|c 20051025
|g PSBO
|
| 801 |
|
1 |
|a RU
|b 63413507
|c 20051102
|g PSBO
|
| 801 |
|
2 |
|a RU
|b 63413507
|c 20130430
|g PSBO
|
| 900 |
|
|
|a География туризма
|
| 942 |
|
|
|c BK
|